000 00470nam a2200157 a 4500
005 20140412111330.0
008 030212s19uu xx 00 eng d
020 _a1-55185-015-8
050 _aBB
_bOp2 1994
245 _aOpposites /
_cillustrations by Kate Gorman.
260 _aBaltimore, Maryland :
_bOttenheimer Publishers,
_c1994.
300 _a1 v. (unp.) ; ill.
440 _aThe Wonders of Learning
650 _aAntonyms--Juvenile literature
999 _c104865
_d104865